[Event "ESP chT Honor Division 2019"]
[Site "Melilla"]
[Date "2019.10.03"]
[Round "4.3"]
[White "Pap, Misa"]
[Black "Moreno Ruiz, Javier"]
[Result "1/2-1/2"]
[WhiteElo "2432"]
[BlackElo "2470"]
[Annotator "ChessBase"]
[PlyCount "162"]
[EventDate "2019.09.30"]
[EventType "team-tourn"]
[EventCountry "ESP"]
[SourceTitle "playchess.com"]
[Source "ChessBase"]
[SourceQuality "1"]
[TimeControl "40/5400+30:1800+30"]

1. e4 {[%emt 0:00:00]} c5 {[%emt 0:00:01]} 2. c3 {[%emt 0:00:00]} Nf6 {[%emt 0:00:23]} 3. e5 {[%emt 0:00:00]} Nd5 {[%emt 0:00:41]} 4. Nf3 {[%emt 0:00:28]} Nc6 {[%emt 0:00:14]} 5. Bc4 {[%emt 0:00:27]} Nb6 {[%emt 0:00:28]} 6. Bb3 {[%emt 0:00:06]} c4 {[%emt 0:00:10]} 7. Bc2 {[%emt 0:00:05]} d6 {[%emt 0:00:22]} 8. exd6 {[%emt 0:00:10]} Qxd6 {[%emt 0:00:05]} 9. O-O {[%emt 0:00:22]} Bg4 {[%emt 0:00:23]} 10. h3 {[%emt 0:00:08]} Bh5 {[%emt 0:00:10]} 11. Re1 {[%emt 0:00:27]} e6 {[%emt 0:03:11]} 12. b3 {[%emt 0:01:40]} Be7 {[%emt 0:00:21]} 13. Na3 {[%emt 0:03:07]} cxb3 {[%emt 0:02:44]} 14. axb3 {[%emt 0:00:13]} O-O {[%emt 0:00:24]} 15. d4 {[%emt 0:01:11]} Nd5 {[%emt 0:01:31]} 16. Bd2 {[%emt 0:18:54]} a6 {[%emt 0:01:41]} 17. Nc4 {[%emt 0:00:19]} Qc7 {[%emt 0:00:49]} 18. Ne3 {[%emt 0:03:24]} Nf6 {[%emt 0:14:06]} 19. g4 {[%emt 0:33:10]} Bg6 {[%emt 0:01:30]} 20. Bxg6 {[%emt 0:03:24]} hxg6 {[%emt 0:00:14]} 21. Nc4 {[%emt 0:03:21]} b5 {[%emt 0:06:10]} 22. Nce5 {[%emt 0:00:06]} Nxe5 {[%emt 0:00:57]} 23. Nxe5 {[%emt 0:00:12]} Nd7 {[%emt 0:06:30]} 24. Qf3 {[%emt 0:04:28]} Nxe5 {[%emt 0:01:23]} 25. Rxe5 {[%emt 0:00:28]} Qd7 {[%emt 0:04:20]} 26. Ra2 {[%emt 0:11:23]} Rfd8 {[%emt 0:08:37]} 27. Re1 {[%emt 0:02:06]} a5 {[%emt 0:22:08]} 28. Rea1 {[%emt 0:00:52]} a4 {[%emt 0:00:08]} 29. Qd1 {[%emt 0:02:58]} e5 {[%emt 0:01:54]} 30. bxa4 {[%emt 0:02:24]} exd4 {[%emt 0:01:04]} 31. cxd4 {[%emt 0:00:43]} Qxd4 {[%emt 0:01:48]} 32. Qe2 {[%emt 0:01:09]} Bf6 {[%emt 0:15:23]} 33. g5 {[%emt 0:05:03]} Qxa1+ {[%emt 0:04:19]} 34. Rxa1 {[%emt 0:00:06]} Bxa1 {[%emt 0:00:03]} 35. a5 {[%emt 0:00:21]} Bd4 {[%emt 0:00:23]} 36. Kg2 {[%emt 0:02:15]} Bc5 {[%emt 0:00:42]} 37. Bc3 {[%emt 0:01:51]} Bd4 {[%emt 0:00:39]} 38. Bb4 {[%emt 0:00:07]} Rd5 {[%emt 0:00:29]} 39. f4 {[%emt 0:00:34]} Rad8 {[%emt 0:00:57]} 40. Qe7 {[%emt 0:00:52]} R5d7 {[%emt 0:00:34]} 41. Qe2 {[%emt 0:30:53]} Bc5 {[%emt 0:31:25]} 42. Qxb5 {[%emt 0:00:00]} Bxb4 {[%emt 0:00:00]} 43. Qxb4 {[%emt 0:00:00]} Rd4 {[%emt 0:00:00]} 44. Qb6 {[%emt 0:00:00]} R4d6 {[%emt 0:00:00]} 45. Qc7 {[%emt 0:00:00]} R6d7 {[%emt 0:00:00]} 46. Qb6 {[%emt 0:00:00]} Rd3 {[%emt 0:00:00]} 47. a6 {[%emt 0:00:00]} Rc8 {[%emt 0:00:00]} 48. Qb2 {[%emt 0:00:00]} Rdc3 {[%emt 0:00:00]} 49. Qb7 {[%emt 0:00:00]} R3c7 {[%emt 0:00:00]} 50. Qb6 {[%emt 0:00:00]} Rc2+ {[%emt 0:00:00]} 51. Kf3 {[%emt 0:00:00]} R8c3+ {[%emt 0:00:00]} 52. Ke4 {[%emt 0:00:00]} Ra3 {[%emt 0:00:00]} 53. Qb8+ {[%emt 0:00:00]} Kh7 {[%emt 0:00:00]} 54. Qf8 {[%emt 0:00:00]} Re2+ {[%emt 0:01:17]} 55. Kd4 {[%emt 0:00:00]} Rxa6 {[%emt 0:00:13]} 56. Qxf7 {[%emt 0:00:00]} Ra5 {[%emt 0:00:31]} 57. h4 {[%emt 0:02:17]} Rf5 {[%emt 0:00:19]} 58. Qc7 {[%emt 0:00:06]} Rh2 {[%emt 0:01:56]} 59. Qb8 {[%emt 0:01:46]} Rxh4 {[%emt 0:00:19]} 60. Ke3 {[%emt 0:00:02]} Rh3+ {[%emt 0:00:13]} 61. Ke4 {[%emt 0:00:22]} Ra5 {[%emt 0:00:30]} 62. Qf8 {[%emt 0:00:58]} Ra4+ {[%emt 0:00:22]} 63. Kd5 {[%emt 0:00:29]} Rd3+ {[%emt 0:00:35]} 64. Ke5 {[%emt 0:00:42]} Re3+ {[%emt 0:00:50]} 65. Kd5 {[%emt 0:00:01]} Re1 {[%emt 0:01:05]} 66. Qf7 {[%emt 0:01:26]} Ra5+ {[%emt 0:00:52]} 67. Kd4 {[%emt 0:00:03]} Rf5 {[%emt 0:00:24]} 68. Qc7 {[%emt 0:00:04]} Rf8 {[%emt 0:00:21]} 69. Kd3 {[%emt 0:00:10]} Rd8+ {[%emt 0:00:34]} 70. Kc2 {[%emt 0:00:14]} Re2+ {[%emt 0:00:23]} 71. Kc3 {[%emt 0:00:09]} Re3+ {[%emt 0:01:35]} 72. Kc2 {[%emt 0:00:04]} Ree8 {[%emt 0:00:23]} 73. Qb7 {[%emt 0:01:07]} Rf8 {[%emt 0:01:13]} 74. Qh1+ {[%emt 0:00:42]} Kg8 {[%emt 0:00:05]} 75. Qe4 {[%emt 0:00:04]} Rd6 {[%emt 0:00:19]} 76. Qc4+ {[%emt 0:00:07]} Kh7 {[%emt 0:00:13]} 77. Qc5 {[%emt 0:00:22]} Rdd8 {[%emt 0:00:52]} 78. Qg1 {[%emt 0:00:24]} Rd6 {[%emt 0:01:34]} 79. Qc5 {[%emt 0:03:06]} Rdd8 {[%emt 0:00:22]} 80. Qg1 {[%emt 0:00:11]} Kg8 {[%emt 0:00:26]} 81. Qb6 {[%emt 0:00:29]} Kh7 {[%emt 0:00:59]} 1/2-1/2

[Event "ESP chT Honor Division 2019"]
[Site "Melilla"]
[Date "2019.10.03"]
[Round "4.4"]
[White "Quispe Arteaga, Gabriel"]
[Black "Suarez Real, Alberto"]
[Result "1-0"]
[WhiteElo "2404"]
[BlackElo "2460"]
[Annotator "ChessBase"]
[PlyCount "115"]
[EventDate "2019.09.30"]
[EventType "team-tourn"]
[EventCountry "ESP"]
[SourceTitle "playchess.com"]
[Source "ChessBase"]
[SourceQuality "1"]
[TimeControl "40/5400+30:1800+30"]

1. d4 {[%emt 0:00:00]} Nf6 {[%emt 0:00:00]} 2. Nf3 {[%emt 0:00:00]} g6 {[%emt 0:00:00]} 3. g3 {[%emt 0:00:00]} Bg7 {[%emt 0:00:26]} 4. Bg2 {[%emt 0:00:01]} O-O {[%emt 0:02:08]} 5. O-O {[%emt 0:00:04]} d5 {[%emt 0:02:30]} 6. c4 {[%emt 0:00:37]} dxc4 {[%emt 0:00:26]} 7. Na3 {[%emt 0:00:21]} Na6 {[%emt 0:00:54]} 8. Nxc4 {[%emt 0:02:20]} c5 {[%emt 0:00:28]} 9. dxc5 {[%emt 0:03:13]} Be6 {[%emt 0:02:51]} 10. Nce5 {[%emt 0:31:02]} Nxc5 {[%emt 0:01:57]} 11. Be3 {[%emt 0:05:55]} Rc8 {[%emt 0:14:27]} 12. Ng5 {[%emt 0:25:07]} Bd5 {[%emt 0:24:46]} 13. Rc1 {[%emt 0:04:27]} Bxg2 {[%emt 0:12:31]} 14. Qxd8 {[%emt 0:08:12]} Rfxd8 {[%emt 0:04:21]} 15. Kxg2 {[%emt 0:00:05]} Nd5 {[%emt 0:00:53]} 16. Bxc5 {[%emt 0:04:30]} Bxe5 {[%emt 0:00:32]} 17. Ba3 {[%emt 0:00:47]} b5 {[%emt 0:25:03]} 18. Rxc8 {[%emt 0:00:18]} Rxc8 {[%emt 0:00:02]} 19. Rd1 {[%emt 0:00:58]} e6 {[%emt 0:00:27]} 20. e4 {[%emt 0:00:37]} Nb6 {[%emt 0:01:18]} 21. b3 {[%emt 0:00:23]} Bf6 {[%emt 0:01:01]} 22. Nf3 {[%emt 0:00:05]} h6 {[%emt 0:01:38]} 23. Rc1 {[%emt 0:00:23]} a6 {[%emt 0:01:54]} 24. Rxc8+ {[%emt 0:00:48]} Nxc8 {[%emt 0:00:02]} 25. Kf1 {[%emt 0:00:13]} Be7 {[%emt 0:00:55]} 26. Bxe7 {[%emt 0:00:40]} Nxe7 {[%emt 0:00:01]} 27. Ne5 {[%emt 0:00:02]} Kf8 {[%emt 0:01:01]} 28. Nd7+ {[%emt 0:00:12]} Ke8 {[%emt 0:00:14]} 29. Nc5 {[%emt 0:00:09]} a5 {[%emt 0:00:54]} 30. Nb7 {[%emt 0:00:06]} Nc6 {[%emt 0:00:32]} 31. Nd6+ {[%emt 0:00:06]} Ke7 {[%emt 0:00:41]} 32. Nxb5 {[%emt 0:00:06]} Nb4 {[%emt 0:00:24]} 33. Nc3 {[%emt 0:00:23]} Kd6 {[%emt 0:00:34]} 34. Ke2 {[%emt 0:01:24]} Kc5 {[%emt 0:00:24]} 35. Kd2 {[%emt 0:00:32]} Nc6 {[%emt 0:00:17]} 36. a3 {[%emt 0:01:59]} Nd4 {[%emt 0:00:46]} 37. Na4+ {[%emt 0:00:03]} Kb5 {[%emt 0:00:10]} 38. Kc3 {[%emt 0:00:03]} Nf3 {[%emt 0:00:40]} 39. h4 {[%emt 0:00:28]} g5 {[%emt 0:00:28]} 40. hxg5 {[%emt 0:00:44]} hxg5 {[%emt 0:00:23]} 41. Kd3 {[%emt 0:30:47]} Ne1+ {[%emt 0:05:24]} 42. Kd2 {[%emt 0:00:00]} Nf3+ {[%emt 0:00:34]} 43. Kc3 {[%emt 0:00:00]} Ng1 {[%emt 0:05:57]} 44. Nb2 {[%emt 0:00:00]} Ne2+ {[%emt 0:12:39]} 45. Kd3 {[%emt 0:00:00]} Nc1+ {[%emt 0:01:19]} 46. Kc2 {[%emt 0:00:00]} Ne2 {[%emt 0:00:05]} 47. Nd3 {[%emt 0:00:00]} Nd4+ {[%emt 0:00:43]} 48. Kc3 {[%emt 0:00:00]} Ne2+ {[%emt 0:00:16]} 49. Kd2 {[%emt 0:00:00]} Nd4 {[%emt 0:00:06]} 50. a4+ {[%emt 0:00:00]} Kb6 {[%emt 0:01:16]} 51. Kc3 {[%emt 0:00:00]} Nf3 {[%emt 0:01:14]} 52. Nb2 {[%emt 0:00:00]} Ka6 {[%emt 0:00:16]} 53. Nc4 {[%emt 0:00:00]} f6 {[%emt 0:04:50]} 54. Kd3 {[%emt 0:00:00]} e5 {[%emt 0:01:37]} 55. Nd2 {[%emt 0:00:00]} Nd4 {[%emt 0:00:48]} 56. Kc4 {[%emt 0:00:00]} g4 {[%emt 0:01:10]} 57. Kd5 {[%emt 0:00:00]} Kb6 {[%emt 0:00:23]} 58. Kd6 {[%emt 0:00:00]} 1-0

[Event "ESP chT Honor Division 2019"]
[Site "Melilla"]
[Date "2019.10.03"]
[Round "4.5"]
[White "Ortega Hermida, Daniel"]
[Black "Suarez Uriel, Adrian"]
[Result "1-0"]
[WhiteElo "2341"]
[BlackElo "2392"]
[Annotator "NA RC"]
[PlyCount "99"]
[EventDate "2019.09.30"]
[EventType "team-tourn"]
[EventCountry "ESP"]
[SourceTitle "playchess.com"]
[Source "ChessBase"]
[SourceQuality "1"]
[TimeControl "40/5400+30:1800+30"]

1. e4 c5 {[%emt 0:00:00]} 2. Nf3 {[%emt 0:00:04]} Nc6 {[%emt 0:00:04]} 3. Bb5 {[%emt 0:00:26]} g6 {[%emt 0:00:06]} 4. O-O {[%emt 0:00:18]} Bg7 {[%emt 0:00:07]} 5. c3 {[%emt 0:00:55]} Nf6 {[%emt 0:00:06]} 6. d4 {[%emt 0:00:40]} cxd4 {[%emt 0:17:20]} 7. cxd4 {[%emt 0:00:05]} a6 {[%emt 0:02:47]} 8. Bxc6 {[%emt 0:06:26]} dxc6 {[%emt 0:00:11]} 9. Nc3 {[%emt 0:00:14]} O-O {[%emt 0:00:18]} 10. h3 {[%emt 0:00:13]} Qc7 {[%emt 0:06:45]} 11. Be3 {[%emt 0:04:35]} Rd8 {[%emt 0:06:07]} 12. Qc2 {[%emt 0:05:25]} h6 {[%emt 0:10:14]} 13. Na4 {[%emt 0:09:38]} Nd7 {[%emt 0:14:45]} 14. Rac1 {[%emt 0:10:20]} b5 {[%emt 0:07:48]} 15. Nc5 {[%emt 0:04:53]} Nb6 {[%emt 0:00:19]} 16. Ne5 {[%emt 0:12:43]} Bxe5 {[%emt 0:02:12]} 17. dxe5 {[%emt 0:00:08]} Qxe5 {[%emt 0:08:45]} 18. Rfd1 {[%emt 0:03:05]} Rxd1+ {[%emt 0:04:40]} 19. Rxd1 {[%emt 0:00:17]} Kh7 {[%emt 0:03:27]} 20. b3 {[%emt 0:05:31]} a5 {[%emt 0:04:52]} 21. Nd3 {[%emt 0:11:17]} Qc7 {[%emt 0:00:24]} 22. Qc5 {[%emt 0:00:49]} Ra6 {[%emt 0:01:58]} 23. Bf4 {[%emt 0:02:44]} Qd8 {[%emt 0:00:31]} 24. Qc1 {[%emt 0:01:37]} Qe8 {[%emt 0:00:44]} 25. Bxh6 {[%emt 0:01:25]} Nd7 {[%emt 0:01:30]} 26. Be3 {[%emt 0:00:48]} Bb7 {[%emt 0:00:57]} 27. Bc5 {[%emt 0:05:46]} Ra8 {[%emt 0:00:37]} 28. h4 {[%emt 0:01:43]} Nf6 {[%emt 0:01:23]} 29. f3 {[%emt 0:02:08]} a4 {[%emt 0:00:57]} 30. Ne5 {[%emt 0:01:42]} axb3 {[%emt 0:00:23]} 31. axb3 {[%emt 0:00:06]} Bc8 {[%emt 0:00:25]} 32. b4 {[%emt 0:03:20]} Be6 {[%emt 0:00:03]} 33. Rd2 {[%emt 0:01:52]} Qh8 {[%emt 0:00:41]} 34. Nxc6 {[%emt 0:02:12]} Nxe4 {[%emt 0:00:08]} 35. Bd4 {[%emt 0:00:34]} Nf6 {[%emt 0:01:07]} 36. Nxe7 {[%emt 0:00:16]} Kg7 {[%emt 0:00:34]} 37. g3 {[%emt 0:02:47]} Qb8 {[%emt 0:00:07]} 38. Kh2 {[%emt 0:00:28]} Qb7 {[%emt 0:00:08]} 39. Nc6 {[%emt 0:00:13]} Rc8 {[%emt 0:03:06]} 40. Bxf6+ {[%emt 0:00:13]} Kh7 {[%emt 0:00:13]} 41. Rd8 {[%emt 0:31:40]} Qb6 {[%emt 0:30:01]} 42. Qc5 {[%emt 0:00:00]} Qa6 {[%emt 0:00:00]} 43. Rxc8 {[%emt 0:00:00]} Qa2+ {[%emt 0:00:00]} 44. Kg1 {[%emt 0:00:00]} Bxc8 {[%emt 0:00:00]} 45. Nd4 {[%emt 0:00:00]} Qb1+ {[%emt 0:00:00]} 46. Kg2 {[%emt 0:00:00]} Bd7 {[%emt 0:00:00]} 47. Qe7 {[%emt 0:00:00]} Qa2+ {[%emt 0:00:00]} 48. Ne2 {[%emt 0:00:00]} Be6 {[%emt 0:00:00]} 49. Kf2 {[%emt 0:00:00]} Bc4 {[%emt 0:00:00]} 50. Qe8 {[%emt 0:00:00]} 1-0

[Event "ESP chT Honor Division 2019"]
[Site "Melilla"]
[Date "2019.10.03"]
[Round "4.6"]
[White "Di Benedetto, Desiree"]
[Black "Vega Gutierrez, Belinda"]
[Result "1/2-1/2"]
[WhiteElo "2235"]
[BlackElo "2152"]
[Annotator "NA"]
[PlyCount "103"]
[EventDate "2019.09.30"]
[EventType "team-tourn"]
[EventCountry "ESP"]
[SourceTitle "playchess.com"]
[Source "ChessBase"]
[SourceQuality "1"]
[TimeControl "40/5400+30:1800+30"]

1. d4 {[%emt 0:00:00]} d5 {[%emt 0:00:00]} 2. Nf3 {[%emt 0:00:07]} Nf6 {[%emt 0:00:15]} 3. c4 {[%emt 0:00:31]} e6 {[%emt 0:00:39]} 4. Nc3 {[%emt 0:01:55]} Be7 {[%emt 0:00:27]} 5. cxd5 {[%emt 0:01:39]} exd5 {[%emt 0:00:13]} 6. Bf4 {[%emt 0:00:14]} c6 {[%emt 0:00:56]} 7. Qc2 {[%emt 0:00:22]} Bg4 {[%emt 0:04:14]} 8. Ne5 {[%emt 0:00:54]} Bh5 {[%emt 0:01:21]} 9. e3 {[%emt 0:00:31]} Nbd7 {[%emt 0:01:54]} 10. Bd3 {[%emt 0:02:04]} Bg6 {[%emt 0:00:54]} 11. Nxg6 {[%emt 0:00:20]} hxg6 {[%emt 0:00:03]} 12. h3 {[%emt 0:01:13]} Nf8 {[%emt 0:03:29]} 13. a3 {[%emt 0:04:58]} Ne6 {[%emt 0:04:36]} 14. Bh2 {[%emt 0:03:00]} Bd6 {[%emt 0:01:40]} 15. Bxd6 {[%emt 0:01:02]} Qxd6 {[%emt 0:00:04]} 16. b4 {[%emt 0:01:27]} g5 {[%emt 0:08:58]} 17. Ne2 {[%emt 0:09:25]} g4 {[%emt 0:01:25]} 18. Ng3 {[%emt 0:16:21]} gxh3 {[%emt 0:08:07]} 19. gxh3 {[%emt 0:00:45]} a6 {[%emt 0:03:18]} 20. Nf5 {[%emt 0:03:50]} Qd7 {[%emt 0:00:48]} 21. f4 {[%emt 0:02:59]} Nh5 {[%emt 0:06:09]} 22. Qf2 {[%emt 0:04:29]} Qd8 {[%emt 0:05:30]} 23. Ng3 {[%emt 0:06:08]} Nxg3 {[%emt 0:00:19]} 24. Qxg3 {[%emt 0:00:02]} Qh4 {[%emt 0:27:58]} 25. Kf2 {[%emt 0:00:20]} Ke7 {[%emt 0:01:20]} 26. Qxh4+ {[%emt 0:01:10]} Rxh4 {[%emt 0:00:04]} 27. Kg3 {[%emt 0:00:50]} Rah8 {[%emt 0:00:59]} 28. a4 {[%emt 0:01:10]} g5 {[%emt 0:03:20]} 29. f5 {[%emt 0:03:53]} Nc7 {[%emt 0:10:39]} 30. Kg2 {[%emt 0:04:56]} Kf6 {[%emt 0:00:22]} 31. Raf1 {[%emt 0:02:27]} Ne8 {[%emt 0:01:33]} 32. b5 {[%emt 0:02:49]} axb5 {[%emt 0:00:06]} 33. axb5 {[%emt 0:00:05]} cxb5 {[%emt 0:00:06]} 34. Bxb5 {[%emt 0:01:04]} Nd6 {[%emt 0:00:19]} 35. Bd3 {[%emt 0:01:25]} Ne4 {[%emt 0:03:41]} 36. Be2 {[%emt 0:09:32]} Rc8 {[%emt 0:01:00]} 37. Rc1 {[%emt 0:02:40]} Rxc1 {[%emt 0:00:32]} 38. Rxc1 {[%emt 0:00:01]} Kxf5 {[%emt 0:00:10]} 39. Bg4+ {[%emt 0:05:58]} Kg6 {[%emt 0:00:13]} 40. Rb1 {[%emt 0:01:12]} f5 {[%emt 0:01:16]} 41. Rb6+ {[%emt 0:30:22]} Nf6 {[%emt 0:30:13]} 42. Bf3 {[%emt 0:00:28]} f4 {[%emt 0:00:00]} 43. e4 {[%emt 0:00:00]} dxe4 {[%emt 0:00:00]} 44. Bxe4+ {[%emt 0:00:00]} Kf7 {[%emt 0:00:00]} 45. Rxb7+ {[%emt 0:00:00]} Ke6 {[%emt 0:00:00]} 46. Rb6+ {[%emt 0:00:00]} Ke7 {[%emt 0:00:00]} 47. Rb7+ {[%emt 0:00:00]} Ke6 {[%emt 0:00:00]} 48. Bf3 {[%emt 0:00:00]} Rh8 {[%emt 0:00:00]} 49. Rb5 {[%emt 0:00:00]} Rd8 {[%emt 0:00:00]} 50. Re5+ {[%emt 0:00:00]} Kf7 {[%emt 0:00:00]} 51. Rxg5 {[%emt 0:00:00]} Rxd4 {[%emt 0:00:00]} 52. Bh5+ {[%emt 0:00:00]} 1/2-1/2

[Event "ESP chT Honor Division 2019"]
[Site "Melilla"]
[Date "2019.10.03"]
[Round "4.7"]
[White "Sasikiran, Krishnan"]
[Black "Cheparinov, Ivan"]
[Result "1/2-1/2"]
[WhiteElo "2675"]
[BlackElo "2670"]
[Annotator "TA"]
[PlyCount "112"]
[EventDate "2019.09.30"]
[EventType "team-tourn"]
[EventCountry "ESP"]
[SourceTitle "playchess.com"]
[Source "ChessBase"]
[SourceQuality "1"]

{[%evp 14,112,3,0,0,0,0,0,0,0,0,0,7,0,0,7,0,11,13,0,0,0,0,0,0,0,68,77,67,57,56,46,49,24,52,48,52,45,45,45,39,38,80,55,60,49,49,50,51,51,69,45,45,31,87,69,102,78,74,64,67,68,74,0,74,52,52,8,74,74,85,85,85,85,89,89,95,95,121,121,121,121,121,121,121,121,121,121,123,123,132,132,132,132,132,132,132,105,105,105,105]} 1. e4 c5 2. Nf3 d6 3. d4 cxd4 4. Nxd4 Nf6 5. Nc3 a6 6. Bd3 e5 7. Nde2 Be7 8. O-O Be6 {B90: Sicilian Najdorf: Unusual White 6th moves, 6 Be3 Ng4 and 6 Be3 e5} (8... O-O 9. Ng3 Be6 10. Nd5 Nbd7 11. c4 g6 12. Nxe7+ Qxe7 13. b3 Rfc8 14. Bg5 Qf8 15. Qd2 Ne8 16. Rad1 f6 {1-0 (61) Karjakin,S (2750)-Vachier Lagrave,M (2778) Saint Louis 2019}) 9. f4 O-O 10. a4 exf4 {The position is equal.} 11. Nxf4 Nc6 12. Be3 Ne5 13. a5 Rc8 $146 ({Predecessor:} 13... Re8 14. Bd4 Rc8 15. Kh1 Nfd7 16. Ncd5 {½-½ (33) Nguyen,T (2535)-Bronstein,O (2384) Bratislava 2019}) 14. Bd4 Nfd7 15. Ncd5 Bg5 16. b4 Re8 17. Rb1 Nc6 18. Ba1 ({Much worse is} 18. Nxe6 fxe6 19. Bb6 Nxb6 $17) 18... Nce5 19. Kh1 Nf6 (19... Bxf4 $11 20. Nxf4 Ba2) 20. Bxe5 $14 dxe5 21. Nxe6 fxe6 22. Nxf6+ Bxf6 23. Qe1 Bh4 24. g3 Bf6 25. b5 axb5 26. Rxb5 Rc7 27. Qb4 h5 28. Kg2 (28. Rb6 {with more complications.} Qc8 29. Qb3 Rc5 30. Rxb7 Rxa5 31. Be2) 28... Qe7 29. Rb1 {[%cal Rb5b7]} Qxb4 30. R1xb4 Ree7 31. h4 Kf8 32. Rc4 Ke8 33. Rb6 Kd8 ({Black should try} 33... Kf7 $14) 34. Rxc7 Kxc7 $16 {[%mdl 4096] Endgame KRB-KRB} 35. Kh3 Rd7 36. Rxe6 Rd6 37. Re8 Rd8 $1 {[%cal Rd8e8]} 38. Re6 (38. Bb5 {is more complex.} Rd4 39. Be2 Rxe4 40. Bxh5 Ra4 41. Bg4) 38... Rd6 $1 {[%cal Rd6e6]} 39. Rxd6 (39. Bc4 {seems wilder.} g5 40. hxg5 Rxe6 41. Bxe6 Bxg5 42. Bf7) 39... Kxd6 {KB-KB} 40. Bb5 Bd8 (40... Kc5 $11 {remains equal.} 41. Be8 Kd4) 41. Be8 Bxa5 42. Bxh5 Ke6 43. Be8 Kf6 44. g4 g5 45. h5 Kg7 46. Kg2 b6 47. Kf3 Be1 48. Ke3 Kh6 49. Kd3 Bf2 50. Kc4 Bg1 51. c3 Bf2 52. Kd5 Bg3 53. Ke6 Bh2 54. Kf7 Bg3 55. Kg8 Bh2 56. Kh8 Bg3 {Accuracy: White = 70%, Black = 63%.} 1/2-1/2

[Event "ESP chT Honor Division 2019"]
[Site "Melilla"]
[Date "2019.10.03"]
[Round "4.8"]
[White "Predke, Alexandr"]
[Black "Ganguly, Surya Shekhar"]
[Result "1-0"]
[WhiteElo "2657"]
[BlackElo "2658"]
[Annotator "TA"]
[PlyCount "85"]
[EventDate "2019.09.30"]
[EventType "team-tourn"]
[EventCountry "ESP"]
[SourceTitle "playchess.com"]
[Source "ChessBase"]
[SourceQuality "1"]

{[%evp 19,85,27,25,20,44,39,45,40,52,43,68,68,74,81,69,86,105,51,113,109,116,112,144,145,163,133,145,90,88,84,77,41,148,127,160,160,161,161,213,129,312,337,308,310,370,359,356,358,429,417,409,413,442,456,440,402,516,510,513,510,564,565,545,557,1256,1213,1184,1137]} 1. d4 Nf6 2. c4 e6 3. g3 d5 4. Bg2 Be7 5. Nf3 O-O 6. O-O dxc4 7. Ne5 Nc6 8. Bxc6 bxc6 9. Nxc6 Qe8 10. Nxe7+ Qxe7 11. Nc3 {E05: Open Catalan: 5 Nf3 Be7} e5 $146 ({Predecessor:} 11... Rd8 12. Qa4 a5 13. Qxc4 Ba6 14. Qc6 Qb4 15. Bg5 Bb7 16. Qb5 Rxd4 17. a3 Qxb5 18. Nxb5 Rd7 {½-½ (45) Yu,Y (2736)-Aronian,L (2756) Riga 2019}) 12. dxe5 Qxe5 13. Bf4 {White is slightly better.} Qc5 14. Qd2 Bb7 15. Rad1 Rfe8 16. Qd4 Qc6 {[%csl Gb7][%cal Rc6h1]} 17. f3 Re7 18. Be5 (18. e4 $16) 18... Rd7 (18... Nd7 $14 19. Bxg7 f5) 19. Qh4 $16 Nd5 20. Qg4 {[%csl Ge5][%cal Rg4g7]} f5 21. Qxf5 Re8 {Black wants to play ...g6.} 22. e4 Rf7 23. Qg5 $36 {[%mdl 2048] Keeping Black busy.} (23. exd5 $142 Qb6+ 24. Bd4 Rxf5 25. Bxb6 cxb6 26. f4) 23... Nb4 24. Bd4 Nd3 25. Bxa7 Ne5 ({Black should try} 25... Bc8 $14) 26. Bd4 h6 27. Qe3 Nd3 28. Ne2 Qg6 (28... Rd8 {might work better.} 29. Rd2 Ba6) 29. Bc3 Bxe4 $2 (29... Bc6 $16 {was necessary.} 30. Bd4 Qg5 31. Qxg5 hxg5) 30. fxe4 $18 Rxe4 {[#]} 31. Rxd3 $1 {Black must now prevent Rd8+.} cxd3 32. Qxd3 Rfe7 33. Qd5+ Kh7 34. Nd4 {[%cal Be2d4,Bd4f3,Bf3e5][%mdl 32]} R7e5 35. Qc6 Qg4 36. Qxc7 Re7 37. Qc5 R7e5 38. Qd6 {White is clearly winning.} Re3 {( -> ...Rxg3+!)} 39. Nf3 Rf5 {[#]} 40. Qd4 $1 Re4 41. Qd3 Ref4 {[%cal Rf4f3]} 42. Kg2 Qg6 43. Ne5 {Accuracy: White = 78%, Black = 31%.} 1-0

[Event "ESP chT Honor Division 2019"]
[Site "Melilla"]
[Date "2019.10.03"]
[Round "4.9"]
[White "Santos Ruiz, Miguel"]
[Black "Santos Latasa, Jaime"]
[Result "1/2-1/2"]
[WhiteElo "2560"]
[BlackElo "2580"]
[Annotator "TA"]
[PlyCount "56"]
[EventDate "2019.09.30"]
[EventType "team-tourn"]
[EventCountry "ESP"]
[SourceTitle "playchess.com"]
[Source "ChessBase"]
[SourceQuality "1"]

{[%evp 15,56,27,23,3,15,18,17,11,11,12,10,11,13,15,21,12,30,12,18,15,15,15,15,15,9,16,16,8,16,0,0,0,13,0,0,0,0,0,0,0,0,0,40]} 1. e4 e5 2. Nf3 Nc6 3. Bb5 Nf6 4. O-O Nxe4 5. Re1 Nd6 6. Nxe5 Be7 7. Bf1 Nxe5 8. Rxe5 O-O 9. Nc3 {C67: Ruy Lopez: Berlin Defence: 4 0-0 Nxe4} (9. d4 Bf6 10. Re1 Re8 11. c3 Rxe1 12. Qxe1 Qe8 13. Qxe8+ Nxe8 14. Bf4 d5 15. Nd2 Be7 16. Re1 Kf8 17. Bd3 Bd6 18. Bxd6+ Nxd6 {½-½ (25) Mamedyarov,S (2767)-Radjabov,T (2758) Khanty-Mansiysk 2019}) 9... Ne8 10. Nd5 Bd6 11. Re1 c6 12. Ne3 Be7 13. c4 Nc7 14. d4 d5 15. cxd5 Bb4 16. Bd2 Bxd2 {The position is equal.} 17. Qxd2 Nxd5 18. Nxd5 Qxd5 {[#]} 19. Re5 $146 Qd6 20. Bc4 Bd7 21. Rae1 Rae8 22. Qf4 {[#] And now Bxf7+! would win.} Rxe5 23. dxe5 Qe7 24. Rd1 Be6 25. Bxe6 Qxe6 26. b3 Re8 27. Qd4 f6 28. Qxa7 Qe7 {Accuracy: White = 74%, Black = 70%.} 1/2-1/2